• 首页
  • 本馆介绍
  • 公告通知
  • 最新文献
  • 馆藏检索
  • 电子资源
  • 读者导购
  • 参考咨询
  • 我的图书馆
  • 登录
  • 详细信息显示
  • 放入我的书架
  • 预约/预借图书
  • 作者相关作品
  • 分类相关作品
  • 丛书相关作品
  • 出版社相关作品

书目信息

  • 表格格式
  • 工作单格式
  • 卡片格式
题名:
特级教师谈中学数学教学
    
 
作者: ;北京市教育局 整理
分册:  
出版信息: 北京   水利出版社  1982
页数: 147页
开本: 19cm
丛书名:
单 册:
中图分类: G633.6
科图分类:
主题词: 数学-教学法--中学 , 教学法-数学--中学
电子资源:
ISBN:
000 00685nam0 2200241 45
001 0182003452
005 20060820090320.40
010    @dCNY0.40
091    @a7047.0017
100    @a19950414d1982 em y0chiy0121 ea
101 0  @achi
102    @aCN@b110000
105    @ay z 000yy
200 10 @a特级教师谈中学数学教学@Ate ji jiao shi tan zhong xue shu xue jiao xue@f北京市教育局整理
210    @a北京@c水利出版社@d1982
215    @a147页@d19cm
606    @a数学-教学法@x中学
606    @a教学法-数学@x中学
690    @aG633.6@v3
711 02 @a北京市教育局@Abei jing shi jiao yu ju@4整理
801  2 @aCN@bNLC@c20060820
801  0 @aCN@b上海图书馆@c20060818
905    @dG633.6@e1
    
    特级教师谈中学数学教学/北京市教育局整理.-北京:水利出版社,1982
    147页;19cm
    
    
    ISBN :CNY0.40
    
●
相关链接 在E读中查询图书 在五车中查询图书 在当当中查询图书 在豆瓣中查询图书


正题名:特级教师谈中学数学教学     索取号:G633.6/1         预约/预借

序号 登录号 条形码 馆藏地/架位号 状态 备注
1 0060637   000249056   密集书库/ [索取号:G633.6/1] 在馆    
2 0060638   000249118   密集书库/ [索取号:G633.6/1] 在馆    
3 0060640   000249127   第一样本阅览室/ [索取号:G633.6/1] 在馆    
4 0454008   204540087   密集书库/ [索取号:G633.6/1] 在馆    
5 0469265   204692653   密集书库/ [索取号:G633.6/1] 在馆    
6 0471297   204712971   密集书库/ [索取号:G633.6/1] 在馆    
唐山师范学院图书馆 欢迎您!
大连网信软件有限公司© 版权所有